[Event "Swiss Queens Wed #46"]
[Site "FIDE Online Arena INT"]
[Date "2024.12.11"]
[Round "7"]
[White "Girya, Olga"]
[Black "Haussernot, Cecile"]
[Result "0-1"]
[WhiteElo "2398"]
[BlackElo "2108"]
[PlyCount "100"]
[EventDate "2024.12.11"]
[EventType "swiss (blitz)"]
[EventRounds "11"]
[EventCountry "NET"]
[SourceTitle "CB51_2024"]
[SourceDate "2024.12.18"]
[SourceVersion "1"]
[SourceVersionDate "2024.12.18"]
[SourceQuality "1"]

1. d4 d5 2. c4 c6 3. Nf3 Nf6 4. Qb3 dxc4 5. Qxc4 b5 6. Qd3 Ba6 7. g3 b4 8. Qd2 Nbd7 9. Qd1 c5 10. Bg2 c4 11. 0-0 e6 12. Ne5 Rc8 13. Qa4 Qb6 14. Nxd7 Nxd7 15. Be3 Bb5 16. Qc2 Qa5 17. d5 b3 18. axb3 Qxa1 19. dxe6 fxe6 20. Na3 Qa2 21. Nxb5 Qxb3 22. Qxb3 cxb3 23. Nxa7 Rc2 24. Bd4 e5 25. Bc3 Bc5 26. Nc6 Rf8 27. Bf3 e4 28. Bxe4 Rxe2 29. Bd3 Rexf2 30. Rxf2 Rxf2 31. Bxh7 Rxb2+ 32. Kf1 Rf2+ 33. Ke1 Rxh2 34. Bg6+ Kf8 35. Nd8 Ke7 36. Nc6+ Kd6 37. Na5 Nb6 38. Nxb3 Bf2+ 39. Kf1 Bxg3 40. Nd4 Be5 41. Nf5+ Ke6 42. Bxe5 Kxe5 43. Ne3 Kf4 44. Ng2+ Kg3 45. Ne3 Kf3 46. Kg1 Rh6 47. Nf5 Rxg6+ 48. Kf1 Rf6 49. Nd4+ Ke3+ 50. Ke1 Kxd4 0-1